| 000 | 00577nam a22001937a 4500 | ||
|---|---|---|---|
| 999 |
_c2852 _d2852 |
||
| 003 | OSt | ||
| 005 | 20210722094831.0 | ||
| 008 | 210722b ||||| |||| 00| 0 eng d | ||
| 020 | _a9781553221968 | ||
| 040 | _cALUPE UN | ||
| 050 |
_aJF135 _b.S48 2009 |
||
| 100 | _a James C Simeon | ||
| 245 | _aCase studies in public management and administration | ||
| 260 |
_aConcord, Ont. _b Captus Press _c©2009. |
||
| 300 | _a205P | ||
| 500 | _aINDEX INCL | ||
| 650 | _a Public administration. Public administration -- Case studies. Administration publique. | ||
| 942 |
_2lcc _cBK _nDO |
||